Khả năng cung cấp gỗ lớn của rừng trồng keo lá tràm 11 năm tuổi ở Đồng Nai

Guardat en:
Dades bibliogràfiques
Autor principal: Nguyễn, Huy Sơn
Altres autors: Nguyễn, Thanh Minh
Format: Llibre
Idioma:Undetermined
Matèries:
Accés en línia:http://lrc.tdmu.edu.vn/opac/search/detail.asp?aID=2&ID=35312
Etiquetes: Afegir etiqueta
Sense etiquetes, Sigues el primer a etiquetar aquest registre!
Thư viện lưu trữ: Trung tâm Học liệu Trường Đại học Thủ Dầu Một
LEADER 00709nam a2200157Ia 4500
001 TDMU_35312
008 210410s9999 xx 000 0 und d
082 |a 371.2 
100 |a Nguyễn, Huy Sơn 
245 0 |a Khả năng cung cấp gỗ lớn của rừng trồng keo lá tràm 11 năm tuổi ở Đồng Nai 
245 0 |c Nguyễn Huy Sơn, Nguyễn Thanh Minh 
300 |a Tr.3442-3450 
650 |a Nông - Lâm nghiệp; Keo lá tràm; Cung cấp gỗ; Đồng Nai; Rừng trồng 
700 |a Nguyễn, Thanh Minh 
856 |u http://lrc.tdmu.edu.vn/opac/search/detail.asp?aID=2&ID=35312 
980 |a Trung tâm Học liệu Trường Đại học Thủ Dầu Một